| 000 | 00627nam a22002057a 4500 | ||
|---|---|---|---|
| 005 | 20150107112345.0 | ||
| 010 | _aENG-111504 | ||
| 020 |
_a9788174878700 _c750.00 |
||
| 020 |
_a817487870x _c750.00 |
||
| 035 | _aEN-95036 | ||
| 037 | _bDBAD/PUB | ||
| 082 | _a364.150954 | ||
| 100 | _aShukla,Girjesh | ||
| 245 |
_aExploring hate crimes in India / _cby Girjesh Shukla |
||
| 260 |
_aNew Delhi _bRadha Publications _c2014 |
||
| 270 |
_a4231/1,Ansari Road,Daryaganj _bNew Delhi _e110002 |
||
| 300 |
_axvi,263p. _c22cm(Hb) |
||
| 500 | _aIncludes bibliographical references | ||
| 942 |
_2ddc _cEN _mSHU _h364.150954 |
||
| 999 |
_c90563 _d90563 |
||